Statistics for Every Bebe Rexha Song on the Billboard Hot 100

Click here to take the quiz!

General Stats

  • This quiz has been taken 100 times
    (92 since last reset)
  • The average score is 5 of 11

Answer Stats

#YearSong% Correct
22018Meant To Be (Florida Georgia Line)
91%
352018I'm A Mess
69%
982019Last Hurrah
63%
82015Hey Mama (David Guetta) ft. Nicki Minaj & Afrojack
58%
242016In The Name Of Love (Martin Garrix)
49%
432017I Got You
46%
72016Me, Myself & I (G-Eazy)
45%
402017Back To You (Louis Tomlinson) ft. Digital Farm Animals
23%
562019Call You Mine (The Chainsmokers)
23%
902017Home (Machine Gun Kelly & X Ambassadors)
17%
572014Take Me Home (Cash Cash)
17%

Score Distribution

Percentile by Number Answered

Percent of People with Each Score

Your Score History

You have not taken this quiz since the last reset